000 00825cam a2200253 a 4500
001 11966066
005 20180223074314.0
008 000406s2000 nyu b 001 0 eng
010 _a 00039416
020 _a039370310X
040 _aDLC
_cDLC
_dDLC
041 _aeng
042 _apcc
043 _an-us---
080 _a362.70973 kim
082 0 0 _a362.70973 kim
_221
100 1 _a50
101 _apsi
245 1 0 _aBuilding solutions in child protective services /
_cInsoo Kim Berg and Susan Kelly.
504 _aIncludes bibliographical references and index.
906 _a7
_bcbc
_corignew
_d1
_eocip
_f20
_gy-gencatlg
942 _2ddc
_cBK
999 _c43271
_d43271